[Event "ICS rated blitz match"]
[Site "204.178.125.65"]
[Date "2000.09.24"]
[Round "?"]
[White "Hossa"]
[Black "PostModernist"]
[Result "1/2-1/2"]
[WhiteElo "2512"]
[BlackElo "2711"]
[PlyCount "76"]
[EventDate "2000.??.??"]

1. e4 c6 2. d4 d5 3. Nc3 dxe4 4. Nxe4 Bf5 5. Ng3 Bg6 6. h4 h6 7. Nf3 Nd7 8. h5
Bh7 9. Bd3 Bxd3 10. Qxd3 Qc7 11. Bd2 Ngf6 12. O-O-O e6 13. Rde1 O-O-O 14. Rh4
Bd6 15. Ne4 Nxe4 16. Qxe4 Qb6 17. Qe2 Kb8 18. Kb1 Rhe8 19. Bf4 Bxf4 20. Rxf4
Nf6 21. Rh4 Ka8 22. Ne5 Rxd4 23. Rxd4 Qxd4 24. Nxf7 Qh4 25. Nd6 Rd8 26. g3 Qxh5
27. Qxh5 Nxh5 28. Rxe6 Nf6 29. c4 Kb8 30. Nf5 Rd2 31. f4 Nh5 32. Rg6 Rg2 33.
Nxg7 Nxf4 34. Rxh6 Rg1+ 35. Kc2 Rg2+ 36. Kb1 Rg1+ 37. Kc2 Rg2+ 38. Kb1 Rg1+ {
Game drawn by repetition} 1/2-1/2

[Event "ICS rated blitz match"]
[Site "204.178.125.65"]
[Date "2000.09.24"]
[Round "?"]
[White "PostModernist"]
[Black "Hossa"]
[Result "1-0"]
[WhiteElo "2703"]
[BlackElo "2547"]
[PlyCount "159"]
[EventDate "2000.??.??"]

1. e4 e5 2. Bc4 Nf6 3. d3 c6 4. Nf3 d5 5. Bb3 Bd6 6. Nc3 dxe4 7. Ng5 O-O 8.
Ncxe4 Nxe4 9. Nxe4 Na6 10. O-O Nc5 11. Nxc5 Bxc5 12. Be3 Bd6 13. Qh5 Qd7 14.
Rfe1 Qg4 15. Qxg4 Bxg4 16. a4 Bf5 17. f3 Bb4 18. c3 Be7 19. d4 exd4 20. Bxd4
Bd6 21. Rad1 a5 22. Bb6 Ra6 23. Bf2 c5 24. g4 Be6 25. Bxe6 fxe6 26. Rxd6 Rxd6
27. Bxc5 Rd2 28. Bxf8 Kxf8 29. b4 axb4 30. cxb4 Ke7 31. a5 Kf6 32. Rc1 Rb2 33.
Rc4 g5 34. Re4 h6 35. Kh1 Rf2 36. f4 gxf4 37. Kg1 Rb2 38. Rxf4+ Ke5 39. Rc4 Kf6
40. h3 e5 41. Kf1 Kg5 42. Re4 Kf6 43. h4 Ke6 44. Rc4 Rb1+ 45. Ke2 Kd6 46. Kd3
Rb3+ 47. Kc2 Rh3 48. h5 Rg3 49. b5 Rg1 50. a6 bxa6 51. Rc6+ Kd5 52. Rxa6 Rg2+
53. Kc3 Rg3+ 54. Kd2 Rg2+ 55. Ke3 Rxg4 56. Rxh6 Rg3+ 57. Kf2 Rg4 58. Rf6 Rb4
59. b6 Rb2+ 60. Ke1 Rb1+ 61. Kd2 Rb2+ 62. Kc3 Rg2 63. h6 Rg3+ 64. Kd2 Rg2+ 65.
Ke3 Rg3+ 66. Kf2 Rg8 67. h7 Rh8 68. b7 Kd4 69. Rb6 Rf8+ 70. Kg3 Rb8 71. h8=Q
Rxh8 72. b8=Q Rh7 73. Qd8+ Kc4 74. Rc6+ Kb5 75. Qb6+ Ka4 76. Rc4+ Ka3 77. Qb4+
Ka2 78. Qa4+ Kb2 79. Qb5+ Ka3 80. Ra4# {Hossa checkmated} 1-0

[Event "ICS rated blitz match"]
[Site "204.178.125.65"]
[Date "2000.09.24"]
[Round "?"]
[White "Hossa"]
[Black "PostModernist"]
[Result "1-0"]
[WhiteElo "2538"]
[BlackElo "2712"]
[PlyCount "73"]
[EventDate "2000.??.??"]

1. e4 g6 2. d4 Bg7 3. Nc3 e5 4. dxe5 Bxe5 5. Nf3 Bxc3+ 6. bxc3 d6 7. Bg5 f6 8.
Be3 Nc6 9. Bc4 Qe7 10. Bd5 Ne5 11. Nd2 Ng4 12. Bf4 g5 13. Bg3 f5 14. h3 N4f6
15. O-O f4 16. Bh2 c6 17. Re1 Nh6 18. Rb1 a5 19. Nf3 Nd7 20. Bb3 a4 21. Bc4 b5
22. Be2 Qf6 23. c4 bxc4 24. Bxc4 g4 25. e5 Nxe5 26. Nxe5 dxe5 27. Qd4 Nf7 28.
Bxf4 O-O 29. Bxe5 Qg6 30. Bd6 Rd8 31. Re7 Qxd6 32. Bxf7+ Kf8 33. Bd5 Qg6 34.
Rbe1 Be6 35. R1xe6 cxd5 36. Qh8+ Qg8 37. Qf6+ {PostModernist resigns} 1-0

[Event "ICS rated blitz match"]
[Site "204.178.125.65"]
[Date "2000.09.24"]
[Round "?"]
[White "PostModernist"]
[Black "Hossa"]
[Result "1-0"]
[WhiteElo "2689"]
[BlackElo "2561"]
[PlyCount "161"]
[EventDate "2000.??.??"]

1. e4 e5 2. Bc4 Nf6 3. d3 Bc5 4. Nf3 Nc6 5. Nc3 d6 6. Bg5 Na5 7. Bxf6 gxf6 8.
Na4 Rg8 9. Nxc5 dxc5 10. O-O Nxc4 11. dxc4 Bg4 12. Qe2 Qe7 13. Rfd1 Bd7 14. Qe3
O-O-O 15. b3 Kb8 16. Nh4 Rc8 17. Qh6 Rh8 18. a4 Rcg8 19. a5 Rg5 20. a6 b6 21.
Rd3 Bg4 22. h3 Be6 23. c3 Rhg8 24. g4 R5g7 25. Rf3 Qd6 26. Kh2 Qc6 27. Re1 Qd7
28. Nf5 Rg6 29. Qxh7 Qd8 30. Qh4 Rh8 31. Rd3 Qc8 32. Qg3 Qxa6 33. Red1 Bxf5 34.
exf5 Rgg8 35. R3d2 Qa3 36. Rb1 Rh6 37. Qg2 Rgh8 38. Re2 a5 39. Re3 Qa2 40. Qf1
Qd2 41. Kg2 Rd8 42. Qe2 Qd7 43. Qf3 Rhh8 44. Ra1 Rh7 45. b4 cxb4 46. cxb4 Qd4
47. Raa3 Qxc4 48. bxa5 Qd5 49. Qxd5 Rxd5 50. Reb3 b5 51. Kg3 c6 52. h4 Rd1 53.
h5 Rg7 54. f3 Rh1 55. Rc3 Kc7 56. Rab3 Kd6 57. Kf2 Rh2+ 58. Ke3 Ra2 59. Ra3
Rxa3 60. Rxa3 Kc7 61. a6 Kb8 62. Rc3 Kc7 63. a7 Kb7 64. Rxc6 Kxa7 65. Rxf6 Rh7
66. g5 Rxh5 67. Rxf7+ Kb6 68. g6 Rg5 69. g7 Kc5 70. Re7 Rg1 71. f6 Kd6 72. Re8
Kd5 73. f7 Rxg7 74. f8=Q Rg1 75. Qb4 Rd1 76. Qxb5+ Kd6 77. Qb6+ Kd7 78. Qe6+
Kc7 79. Rc8+ Kb7 80. Qc6+ Ka7 81. Ra8# {Hossa checkmated} 1-0

[Event "ICS rated blitz match"]
[Site "204.178.125.65"]
[Date "2000.09.24"]
[Round "?"]
[White "Hossa"]
[Black "MarxBrothers"]
[Result "1-0"]
[WhiteElo "2551"]
[BlackElo "2230"]
[PlyCount "65"]
[EventDate "2000.??.??"]

1. d4 Nf6 2. c4 g6 3. Nc3 Bg7 4. e4 d6 5. f4 O-O 6. Nf3 Bg4 7. Bd3 Nfd7 8. Be3
Nc6 9. Be2 e5 10. fxe5 Bxf3 11. Bxf3 dxe5 12. d5 Nd4 13. O-O c5 14. Bg4 Nb6 15.
b3 Nc8 16. Na4 b6 17. Nc3 Nd6 18. Qd2 f5 19. Bg5 Bf6 20. Bxf6 Rxf6 21. exf5
gxf5 22. Bh5 Qe7 23. Rae1 Kh8 24. Qe3 e4 25. Qf4 Rg8 26. Nxe4 Qg7 27. Ng3 Rh6
28. Re7 Qf6 29. Rxa7 Rxh5 30. Nxh5 Ne2+ 31. Kh1 Nxf4 32. Nxf6 Rxg2 33. Rxh7# {
MarxBrothers checkmated} 1-0

[Event "ICS rated blitz match"]
[Site "204.178.125.65"]
[Date "2000.09.24"]
[Round "?"]
[White "Hossa"]
[Black "Valg"]
[Result "1-0"]
[WhiteElo "2555"]
[BlackElo "2468"]
[PlyCount "72"]
[EventDate "2000.??.??"]

1. e4 e5 2. Nf3 Nc6 3. Bc4 Bc5 4. c3 Nf6 5. d4 exd4 6. cxd4 Bb4+ 7. Nc3 Nxe4 8.
O-O Nxc3 9. bxc3 Bxc3 10. Qb3 Bxa1 11. Bxf7+ Kf8 12. Bg5 Nxd4 13. Qa3+ Kxf7 14.
Bxd8 Rxd8 15. Rxa1 Ne6 16. Re1 d6 17. Qb4 Kg8 18. Qg4 Nc5 19. Qc4+ Ne6 20. Rxe6
d5 21. Qe2 Bxe6 22. Qxe6+ Kh8 23. Ne5 h6 24. Nf7+ Kh7 25. Nxd8 Rxd8 26. Qf7 Rd6
27. g3 d4 28. Qxc7 Rb6 29. Qc5 Rb2 30. Qa3 Rd2 31. Qxa7 b5 32. Qb6 g6 33. Kg2
g5 34. Qf6 Re2 35. Qf7+ Kh8 36. Qg6 g4 {Valg resigns} 1-0

[Event "ICS rated blitz match"]
[Site "204.178.125.65"]
[Date "2000.09.24"]
[Round "?"]
[White "IgorIvanov"]
[Black "Hossa"]
[Result "1-0"]
[WhiteElo "2399"]
[BlackElo "2567"]
[PlyCount "125"]
[EventDate "2000.??.??"]

1. d4 d5 2. c4 e6 3. Nc3 Nf6 4. cxd5 exd5 5. Bg5 Be7 6. e3 O-O 7. Bd3 c6 8.
Nge2 Ng4 9. Bxe7 Qxe7 10. h3 Qh4 11. O-O Nf6 12. Ng3 g6 13. Qe1 Bxh3 14. gxh3
Qxh3 15. f3 h5 16. Qf2 Re8 17. Rae1 h4 18. Nh1 b5 19. Qh2 Qxh2+ 20. Kxh2 b4 21.
Na4 Kg7 22. Nf2 Nbd7 23. Kh3 Rh8 24. Rg1 Kf8 25. Ng4 Ne8 26. f4 Ke7 27. Ne5
Nxe5 28. fxe5 Rh5 29. Nc5 Nc7 30. Ref1 Rg8 31. Be2 Rh6 32. Rf6 Ne6 33. Nxe6
fxe6 34. Bg4 Kd8 35. Bxe6 Rg7 36. Rg4 a6 37. Bf5 Kc7 38. Rgxg6 Rgxg6 39. Rxg6
Rh8 40. Rg7+ Kb6 41. e6 b3 42. axb3 Re8 43. e7 Kc7 44. Bg6 Rxe7 45. Rxe7+ Kd6
46. Re5 Kc7 47. Kxh4 Kd6 48. Kg5 Kd7 49. Kf6 Kc7 50. Ke7 Kb6 51. Bd3 Kc7 52.
Re6 a5 53. Be2 Kb7 54. Kd7 a4 55. bxa4 Kb6 56. b4 Kb7 57. a5 c5 58. dxc5 d4 59.
exd4 Kb8 60. b5 Kb7 61. a6+ Ka7 62. b6+ Ka8 63. Re8# {Hossa checkmated} 1-0

[Event "ICS rated blitz match"]
[Site "204.178.125.65"]
[Date "2000.09.24"]
[Round "?"]
[White "Cicerobr"]
[Black "Hossa"]
[Result "0-1"]
[WhiteElo "2414"]
[BlackElo "2544"]
[PlyCount "51"]
[EventDate "2000.??.??"]

1. e4 e5 2. Nf3 Nc6 3. Bc4 Nf6 4. d4 exd4 5. O-O Nxe4 6. Re1 d5 7. Bxd5 Qxd5 8.
Nc3 Qa5 9. Nxe4 Be6 10. Neg5 O-O-O 11. Nxe6 fxe6 12. Rxe6 Qf5 13. Qe2 Nb4 14.
Bg5 Nxc2 15. Re8 Be7 16. Rxe7 Nxa1 17. Qd1 h6 18. Bh4 Nc2 19. Rxg7 Rhg8 20. Re7
Rde8 21. h3 Rxe7 22. Bxe7 d3 23. Bh4 Qxh3 24. Bg3 Ne3 25. fxe3 Qxg3 26. Qd2 {
Cicerobr resigns} 0-1

[Event "ICS rated blitz match"]
[Site "204.178.125.65"]
[Date "2000.09.24"]
[Round "?"]
[White "Hossa"]
[Black "LrGenius"]
[Result "1-0"]
[WhiteElo "2554"]
[BlackElo "2355"]
[PlyCount "93"]
[EventDate "2000.??.??"]

1. e4 e6 2. Nf3 d5 3. e5 c5 4. d4 cxd4 5. Bb5+ Nc6 6. O-O Bd7 7. Bxc6 bxc6 8.
Qxd4 Ne7 9. Nc3 Nf5 10. Qd3 Be7 11. Nd4 Nxd4 12. Qxd4 O-O 13. Qg4 f6 14. Bf4
Qb6 15. Rab1 fxe5 16. Bxe5 Rf7 17. b4 Raf8 18. a4 Bf6 19. a5 Qd8 20. Qh5 Bxe5
21. Qxe5 Qf6 22. Qxf6 gxf6 23. Na4 e5 24. Nc5 Bf5 25. Rfc1 Rb8 26. Rb3 Bg6 27.
Kf1 Re7 28. a6 f5 29. Re1 d4 30. h3 e4 31. Rd1 Rd8 32. Rc3 Re5 33. Rc4 Red5 34.
Ne6 R8d6 35. Nf4 Rb5 36. Nxg6 hxg6 37. Rdxd4 Rxd4 38. Rxd4 Rb6 39. Rd8+ Kf7 40.
Rd7+ Kf6 41. Rxa7 Rxb4 42. Rc7 Ke5 43. Rxc6 g5 44. a7 Ra4 45. Rc5+ Kf4 46. g3+
Kf3 47. Rxf5# {LrGenius checkmated} 1-0

[Event "ICS rated blitz match"]
[Site "204.178.125.65"]
[Date "2000.09.24"]
[Round "?"]
[White "LrGenius"]
[Black "Hossa"]
[Result "0-1"]
[WhiteElo "2347"]
[BlackElo "2562"]
[PlyCount "84"]
[EventDate "2000.??.??"]

1. e4 d5 2. exd5 Qxd5 3. Nc3 Qa5 4. d4 Nf6 5. Nf3 Bg4 6. h3 Bxf3 7. Qxf3 c6 8.
Bc4 e6 9. O-O Bd6 10. a3 O-O 11. Bd2 Qb6 12. Ne4 Qxd4 13. Nxd6 Qxd2 14. Nxb7
Qxc2 15. Rac1 Qxb2 16. Nc5 Rd8 17. Rfd1 Rxd1+ 18. Rxd1 Nd5 19. Qg4 Qf6 20. Bxd5
cxd5 21. Rxd5 Na6 22. Rg5 h6 23. Rh5 Nxc5 24. Rxc5 Qa1+ 25. Kh2 Qxa3 26. Qc4
Qb2 27. f3 g5 28. h4 gxh4 29. Qxh4 Qb8+ 30. Kh1 Qd6 31. Rh5 Rc8 32. f4 Rc1+ 33.
Kh2 Rf1 34. Qg4+ Kh7 35. Rh4 Qd1 36. Qg5 Rh1+ 37. Kg3 Qd3+ 38. Kg4 f5+ 39. Kh5
hxg5 40. Kxg5+ Kg7 41. Rxh1 Qg3+ 42. Kh5 Qg4# {LrGenius checkmated} 0-1

[Event "ICS rated blitz match"]
[Site "204.178.125.65"]
[Date "2000.09.24"]
[Round "?"]
[White "Hossa"]
[Black "LrGenius"]
[Result "1-0"]
[WhiteElo "2569"]
[BlackElo "2340"]
[PlyCount "71"]
[EventDate "2000.??.??"]

1. d4 Nf6 2. c4 g6 3. Nc3 d5 4. Qb3 dxc4 5. Qxc4 Bg7 6. e4 O-O 7. Nf3 Na6 8.
Be2 c5 9. dxc5 Be6 10. Qb5 Rc8 11. c6 Rxc6 12. Qxb7 Rxc3 13. bxc3 Nc5 14. Qxa7
Nfxe4 15. Bb2 Nxc3 16. Qxc5 Na4 17. Qg5 Bxb2 18. Rd1 Bc3+ 19. Kf1 Qa8 20. Qxe7
Bxa2 21. Rd7 Re8 22. Ra7 Qc8 23. Qd7 Bc4 24. Bxc4 Qxc4+ 25. Kg1 Rb8 26. g3 Nc5
27. Rc7 Rb1+ 28. Kg2 Rxh1 29. Qe8+ Kg7 30. Kxh1 Qf1+ 31. Ng1 Qxf2 32. Qe2 Qd4
33. Qf3 Kh6 34. Qxf7 Ne4 35. Qxh7+ Kg5 36. Nf3+ {LrGenius resigns} 1-0

[Event "ICS rated blitz match"]
[Site "204.178.125.65"]
[Date "2000.09.24"]
[Round "?"]
[White "LrGenius"]
[Black "Hossa"]
[Result "0-1"]
[WhiteElo "2333"]
[BlackElo "2576"]
[PlyCount "40"]
[EventDate "2000.??.??"]

1. e4 e5 2. Nf3 Nc6 3. Bb5 a6 4. Ba4 d6 5. c3 f5 6. exf5 Bxf5 7. O-O Bd3 8. Re1
e4 9. Bc2 Be7 10. Bxd3 exd3 11. Re3 Nf6 12. Rxd3 O-O 13. Re3 Nd5 14. Re1 Qc8
15. Qb3 Qf5 16. d4 Na5 17. Qd1 Rae8 18. Nbd2 Nf4 19. Ne4 Nh3+ 20. Kh1 Qxe4 {
LrGenius resigns} 0-1

[Event "ICS Rated blitz match"]
[Site "204.178.125.65"]
[Date "2000.09.24"]
[Round "?"]
[White "Hossa"]
[Black "LrGenius"]
[Result "1-0"]
[WhiteElo "2582"]
[BlackElo "2327"]
[PlyCount "53"]
[EventDate "2000.??.??"]

1. c4 Nf6 2. Nc3 g6 3. d4 d5 4. cxd5 Nxd5 5. Nf3 Bg7 6. Nxd5 Qxd5 7. e3 O-O 8.
b3 c5 9. Bc4 Qd6 10. Ba3 Nd7 11. O-O Qc7 12. Qe2 b6 13. Bb2 Bb7 14. d5 Ne5 15.
Nxe5 Bxe5 16. f4 Bxb2 17. Qxb2 a6 18. Rad1 b5 19. Be2 Rad8 20. Bf3 c4 21. bxc4
Qxc4 22. Rc1 Qa4 23. d6 Rd7 24. Rc7 Rxc7 25. dxc7 Bxf3 26. gxf3 Rc8 27. Qd2 {
LrGenius resigns} 1-0

[Event "ICS rated blitz match"]
[Site "204.178.125.65"]
[Date "2000.09.24"]
[Round "?"]
[White "LrGenius"]
[Black "Hossa"]
[Result "0-1"]
[WhiteElo "2321"]
[BlackElo "2588"]
[PlyCount "46"]
[EventDate "2000.??.??"]

1. e4 e5 2. Nf3 Nc6 3. Bb5 a6 4. Ba4 d6 5. c3 f5 6. exf5 Bxf5 7. O-O Bd3 8. Re1
e4 9. Bc2 Be7 10. Bxd3 exd3 11. Qb3 Qc8 12. Ng5 Nd8 13. Qd5 Qg4 14. Nf3 Nf6 15.
Qxd3 Nc6 16. h3 Qd7 17. Nh4 O-O 18. Nf5 Rae8 19. Ne3 d5 20. Qf1 Ne4 21. f3 Bh4
22. Rd1 Bf2+ 23. Kh2 Qd6+ {LrGenius resigns} 0-1

[Event "ICS rated blitz match"]
[Site "204.178.125.65"]
[Date "2000.09.24"]
[Round "?"]
[White "Hossa"]
[Black "Solido"]
[Result "1-0"]
[WhiteElo "2594"]
[BlackElo "2251"]
[PlyCount "36"]
[EventDate "2000.??.??"]

1. d4 d6 2. c4 e5 3. dxe5 dxe5 4. Qxd8+ Kxd8 5. Nc3 Be6 6. b3 c6 7. Nf3 f6 8.
Bb2 Nd7 9. O-O-O Kc7 10. e3 Nh6 11. Bd3 a5 12. h3 Nc5 13. Bc2 a4 14. b4 a3 15.
Ba1 Na6 16. b5 Nc5 17. Nd2 Nf5 18. bxc6 Nd6 {Solido resigns} 1-0

[Event "ICS rated blitz match"]
[Site "204.178.125.65"]
[Date "2000.09.24"]
[Round "?"]
[White "kako"]
[Black "Hossa"]
[Result "0-1"]
[WhiteElo "2195"]
[BlackElo "2598"]
[PlyCount "44"]
[EventDate "2000.??.??"]

1. e4 e5 2. Nf3 Nc6 3. Bb5 a6 4. Bxc6 dxc6 5. d3 f6 6. Qe2 Be6 7. Be3 Bd6 8. d4
Bg4 9. dxe5 Bxe5 10. Nc3 Qd6 11. h3 Qb4 12. hxg4 Bxc3+ 13. Bd2 Bxd2+ 14. Nxd2
Qxb2 15. O-O Qxc2 16. Rfc1 Qb2 17. Rab1 Qxa2 18. Rxb7 O-O-O 19. Rcb1 Rxd2 20.
Qf3 Qe6 21. Qa3 Qxg4 22. Qa5 Rd1+ {kako resigns} 0-1

[Event "ICS rated blitz match"]
[Site "204.178.125.65"]
[Date "2000.09.24"]
[Round "?"]
[White "Hossa"]
[Black "brutus"]
[Result "1-0"]
[WhiteElo "2601"]
[BlackElo "2248"]
[PlyCount "53"]
[EventDate "2000.??.??"]

1. d4 Nf6 2. c4 c5 3. d5 e6 4. Nc3 exd5 5. cxd5 d6 6. e4 g6 7. f4 Bg7 8. Bb5+
Nfd7 9. a4 O-O 10. Nf3 Na6 11. O-O Nb4 12. Be3 a6 13. Bc4 Rb8 14. a5 b5 15. Bb3
Re8 16. Bf2 c4 17. Bc2 Nxc2 18. Qxc2 Qc7 19. Bd4 Nc5 20. Bxg7 Kxg7 21. e5 Nd3
22. Ne4 dxe5 23. fxe5 Nxe5 24. Nf6 Nxf3+ 25. Rxf3 Rf8 26. Qc3 b4 27. Ne8+ {
brutus resigns} 1-0

[Event "ICS rated blitz match"]
[Site "204.178.125.65"]
[Date "2000.09.24"]
[Round "?"]
[White "Hossa"]
[Black "mid"]
[Result "1-0"]
[WhiteElo "2605"]
[BlackElo "2364"]
[PlyCount "127"]
[EventDate "2000.??.??"]

1. d4 g6 2. c4 Bg7 3. Nc3 d6 4. e4 Nf6 5. f3 O-O 6. Be3 e5 7. dxe5 dxe5 8. Nb5
Na6 9. Nxa7 Be6 10. Nb5 c6 11. Nd6 b6 12. Qd2 Qc7 13. b4 Rfd8 14. c5 b5 15. a4
bxa4 16. Rxa4 Nxc5 17. Rxa8 Rxa8 18. Qc3 Nb3 19. Nc4 Nd4 20. Ne2 Nb5 21. Qc2
Nd5 22. Bc5 Nf4 23. Na5 Rd8 24. Nxf4 exf4 25. Bxb5 cxb5 26. O-O Bd4+ 27. Kh1
Rc8 28. Nb3 Bxb3 29. Qxb3 Bxc5 30. Rc1 Qd6 31. Qc2 Rc6 32. Qc3 h5 33. bxc5 Qc7
34. Kg1 h4 35. Qb4 h3 36. Qxb5 hxg2 37. Kxg2 Qd7 38. Qb8+ Qc8 39. Qxc8+ Rxc8
40. Kh3 Rc6 41. Kg4 Kg7 42. e5 Kf8 43. Kxf4 Ke7 44. Ke4 Kd7 45. Kd5 Ra6 46. Rb1
Kc7 47. Rb6 Ra1 48. Rf6 Rd1+ 49. Ke4 Rh1 50. Rxf7+ Kc6 51. Rg7 Kxc5 52. Rxg6
Rxh2 53. Rg1 Kc6 54. f4 Kd7 55. f5 Ke7 56. Rg7+ Kf8 57. Ra7 Rd2 58. e6 Re2+ 59.
Kd5 Re1 60. Kd6 Rd1+ 61. Ke5 Re1+ 62. Kf6 Kg8 63. e7 Re2 64. Ra8+ {mid resigns}
1-0

[Event "ICS rated blitz match"]
[Site "204.178.125.65"]
[Date "2000.09.24"]
[Round "?"]
[White "mid"]
[Black "Hossa"]
[Result "0-1"]
[WhiteElo "2358"]
[BlackElo "2611"]
[PlyCount "82"]
[EventDate "2000.??.??"]

1. e4 e5 2. Nf3 Nc6 3. d4 exd4 4. Nxd4 Qh4 5. Nb5 Qxe4+ 6. Be3 Qe5 7. N1c3 a6
8. Nd4 Bb4 9. Be2 Nf6 10. O-O O-O 11. Re1 Bxc3 12. bxc3 Re8 13. Bf3 Qa5 14. Qd2
Ne5 15. Bg5 Nxf3+ 16. Nxf3 Ne4 17. Qf4 Qxc3 18. Rad1 Qxc2 19. Nd4 Qa4 20. Nf5
Kh8 21. Nxg7 Kxg7 22. Bh6+ Kg6 23. Rd3 f5 24. Rg3+ Kf7 25. Qxf5+ Ke7 26. Rg7+
Kd6 27. Bf4+ Kc6 28. Rc1+ Kb6 29. Bxc7+ Ka7 30. Qd5 Re6 31. Rg4 Qa3 32. Qd4+
Nc5 33. Rf1 b6 34. Rg3 Qxa2 35. Rc3 Rc6 36. Bxb6+ Kxb6 37. f4 a5 38. Rfc1 Qb2
39. Qe3 d6 40. f5 Bxf5 41. Rb3+ Qxb3 {mid resigns} 0-1

[Event "ICS rated blitz match"]
[Site "204.178.125.65"]
[Date "2000.09.24"]
[Round "?"]
[White "Hossa"]
[Black "mid"]
[Result "1-0"]
[WhiteElo "2617"]
[BlackElo "2352"]
[PlyCount "51"]
[EventDate "2000.??.??"]

1. d4 g6 2. c4 Bg7 3. Nc3 d6 4. e4 Nf6 5. f3 O-O 6. Be3 e5 7. dxe5 dxe5 8. Qxd8
Rxd8 9. Nd5 Nxd5 10. cxd5 c6 11. Rd1 cxd5 12. exd5 b6 13. Nh3 Bxh3 14. gxh3 Nd7
15. Bb5 Nc5 16. b4 Nd7 17. Rg1 Rac8 18. Bc6 Bf8 19. b5 f6 20. d6 Nc5 21. Bxc5
bxc5 22. d7 Rb8 23. Rg4 a6 24. bxa6 Rb6 25. Bd5+ Kg7 26. a7 {mid resigns} 1-0

[Event "ICS rated blitz match"]
[Site "204.178.125.65"]
[Date "2000.09.24"]
[Round "?"]
[White "mid"]
[Black "Hossa"]
[Result "0-1"]
[WhiteElo "2346"]
[BlackElo "2623"]
[PlyCount "62"]
[EventDate "2000.??.??"]

1. e4 e5 2. Nf3 Nc6 3. d4 exd4 4. Nxd4 Qh4 5. Nb5 Qxe4+ 6. Be3 Qe5 7. N1c3 a6
8. Nd4 Bb4 9. Be2 Nge7 10. O-O O-O 11. Re1 Re8 12. Bf3 Bxc3 13. bxc3 Qf6 14.
Nxc6 Nxc6 15. Bd4 Rxe1+ 16. Qxe1 Qd8 17. Bxc6 bxc6 18. Qe3 d6 19. Re1 Bf5 20.
Qe7 c5 21. Qxd8+ Rxd8 22. Be3 Rb8 23. h3 Be6 24. a4 Rb2 25. Ra1 Kf8 26. Kf1
Rxc2 27. Ra3 a5 28. Ke1 Rb2 29. Ra1 Bd5 30. g3 Bf3 31. Bd2 c4 {mid resigns} 0-1

[Event "ICS rated blitz match"]
[Site "204.178.125.65"]
[Date "2000.09.24"]
[Round "?"]
[White "Hossa"]
[Black "mid"]
[Result "1-0"]
[WhiteElo "2628"]
[BlackElo "2341"]
[PlyCount "35"]
[EventDate "2000.??.??"]

1. d4 g6 2. c4 Bg7 3. Nc3 d6 4. e4 a5 5. Nf3 Nd7 6. Bd3 e5 7. Be2 Ne7 8. dxe5
Nxe5 9. Nxe5 dxe5 10. Qxd8+ Kxd8 11. O-O Be6 12. Bg5 f6 13. Be3 Ke8 14. Nb5 Kd7
15. Rfd1+ Kc6 16. c5 Rhd8 17. Na7+ Rxa7 18. Rxd8 {mid resigns} 1-0

[Event "ICS rated blitz match"]
[Site "204.178.125.65"]
[Date "2000.09.24"]
[Round "?"]
[White "mid"]
[Black "Hossa"]
[Result "0-1"]
[WhiteElo "2336"]
[BlackElo "2633"]
[PlyCount "78"]
[EventDate "2000.??.??"]

1. e4 e5 2. c4 Nf6 3. d3 Bc5 4. h3 d6 5. g3 O-O 6. Bg2 Nc6 7. Ne2 Be6 8. O-O
Qc8 9. Kh2 Nd7 10. g4 Re8 11. Nbc3 Qd8 12. f4 f6 13. f5 Bf7 14. Bf3 a6 15. a3
Nd4 16. Kg3 b5 17. b3 Nxf3 18. Kxf3 c6 19. Kg3 bxc4 20. dxc4 Qc7 21. Ra2 Red8
22. Rd2 Nb6 23. Rd3 a5 24. Kh2 Rdb8 25. Ng3 a4 26. b4 Bd4 27. g5 Bxc4 28. gxf6
Bxd3 29. Qxd3 gxf6 30. Nce2 c5 31. Bh6 Qf7 32. Qf3 Kh8 33. Nxd4 exd4 34. Nh5
Rg8 35. bxc5 dxc5 36. e5 fxe5 37. f6 Rg6 38. Bg7+ Kg8 39. Rb1 Qa2+ {mid resigns
} 0-1

[Event "ICS rated blitz match"]
[Site "204.178.125.65"]
[Date "2000.09.24"]
[Round "?"]
[White "Hossa"]
[Black "mid"]
[Result "0-1"]
[WhiteElo "2638"]
[BlackElo "2331"]
[PlyCount "126"]
[EventDate "2000.??.??"]

1. d4 Nf6 2. c4 c5 3. d5 b5 4. cxb5 a6 5. bxa6 Bxa6 6. Nc3 d6 7. Nf3 g6 8. e4
Bxf1 9. Kxf1 Nbd7 10. Bf4 Bg7 11. Kg1 O-O 12. a4 Qb6 13. Qc2 Rfb8 14. Ra2 Qb3
15. Qxb3 Rxb3 16. Nd2 Rb4 17. Bg5 h6 18. Bxf6 Bxf6 19. Kf1 Nb6 20. a5 Nc4 21.
Nxc4 Rxc4 22. Ke2 Bxc3 23. bxc3 Rxc3 24. Rb1 Rc4 25. Kd3 Rd4+ 26. Ke3 Rb4 27.
Re1 Ra6 28. Kd3 Rb3+ 29. Kc4 Rb4+ 30. Kc3 Rb5 31. Rea1 Rb4 32. Ra4 Rb7 33. f4
Kf8 34. e5 Ke8 35. Re1 Kd7 36. e6+ fxe6 37. Rxe6 Rba7 38. Rxg6 Rxa5 39. Rxa5
Rxa5 40. g3 Ra3+ 41. Kc4 Ra4+ 42. Kb3 Rd4 43. Rxh6 Rxd5 44. Kc2 Rd4 45. h3 Kc6
46. f5 Ra4 47. Kd2 Ra3 48. g4 Kd5 49. Rh7 Kd4 50. Rxe7 Ra2+ 51. Kc1 Rf2 52. Re6
d5 53. h4 c4 54. Kb1 c3 55. Re1 Kd3 56. Rd1+ Kc4 57. Rh1 Kb3 58. Rg1 d4 59. Ka1
d3 60. Rb1+ Rb2 61. Rxb2+ cxb2+ 62. Kb1 d2 63. h5 d1=Q# {Hossa checkmated} 0-1

[Event "ICS rated blitz match"]
[Site "204.178.125.65"]
[Date "2000.09.24"]
[Round "?"]
[White "LeTiger"]
[Black "Hossa"]
[Result "1-0"]
[WhiteElo "2897"]
[BlackElo "2611"]
[PlyCount "109"]
[EventDate "2000.??.??"]

1. e4 e5 2. Nf3 Nc6 3. d4 exd4 4. Nxd4 Nf6 5. Nxc6 bxc6 6. e5 Qe7 7. Qe2 Nd5 8.
c4 Ba6 9. b3 g5 10. h4 Bg7 11. Bb2 h6 12. hxg5 hxg5 13. Rxh8+ Bxh8 14. g3 O-O-O
15. Nd2 Nb4 16. Nf3 g4 17. Nh2 f5 18. a3 Nd5 19. f4 Qc5 20. Qf2 Qxf2+ 21. Kxf2
Ne7 22. Rd1 Bg7 23. Bg2 c5 24. Nf1 Bb7 25. Ne3 Bxg2 26. Kxg2 Rh8 27. b4 cxb4
28. axb4 Rh5 29. b5 Kd8 30. Ba3 Ng8 31. Bc5 Ne7 32. Bxe7+ Kxe7 33. Nd5+ Kf7 34.
Nxc7 Ke7 35. Ra1 Kf7 36. Rxa7 Bf8 37. b6 Bc5 38. e6+ Ke7 39. Ra8 Bxb6 40. Re8+
Kf6 41. Nd5+ Kg7 42. e7 Rh6 43. Rg8+ Kxg8 44. e8=Q+ Kg7 45. Ne7 Kf6 46. Qf8+
Ke6 47. Nd5 Bd8 48. Qxh6+ Kf7 49. Qh7+ Kf8 50. Qh8+ Kf7 51. Qxd8 d6 52. Qf6+
Kg8 53. Ne7+ Kh7 54. Nxf5 d5 55. Qg7# {Hossa checkmated} 1-0

[Event "ICS rated blitz match"]
[Site "204.178.125.65"]
[Date "2000.09.24"]
[Round "?"]
[White "Hossa"]
[Black "Nothing"]
[Result "1-0"]
[WhiteElo "2606"]
[BlackElo "2000"]
[PlyCount "63"]
[EventDate "2000.??.??"]

1. d4 Nf6 2. c4 g6 3. Nc3 Bg7 4. e4 d6 5. Nf3 O-O 6. Be2 e5 7. O-O Nc6 8. d5
Ne7 9. Ne1 Nd7 10. Nd3 f5 11. Bd2 Nf6 12. f3 f4 13. g4 fxg3 14. hxg3 Nh5 15.
Kg2 Kh8 16. Rh1 Ng8 17. Qg1 Bf6 18. g4 Nf4+ 19. Nxf4 exf4 20. Qh2 Qe7 21. Bxf4
Bd7 22. c5 Be5 23. Bxe5+ dxe5 24. d6 cxd6 25. cxd6 Qg7 26. Nd5 h5 27. gxh5 g5
28. h6 Qf7 29. Qxe5+ Kh7 30. Qxg5 Rae8 31. Nc7 Rxe4 32. Qg7+ {Nothing resigns}
1-0

[Event "ICS rated blitz match"]
[Site "204.178.125.65"]
[Date "2000.09.24"]
[Round "?"]
[White "Nothing"]
[Black "Hossa"]
[Result "0-1"]
[WhiteElo "1999"]
[BlackElo "2607"]
[PlyCount "34"]
[EventDate "2000.??.??"]

1. e4 d5 2. exd5 Qxd5 3. Nc3 Qa5 4. Nf3 Nf6 5. Bc4 Bg4 6. h3 Qh5 7. Be2 Nc6 8.
O-O Bxh3 9. gxh3 Qxh3 10. Nh2 Nd4 11. Bg4 Qh4 12. d3 e6 13. Bf4 Bd6 14. Bxd6
cxd6 15. Ne4 h5 16. Bf3 Ng4 17. Nxd6+ Kf8 {Nothing resigns} 0-1

[Event "ICS rated blitz match"]
[Site "204.178.125.65"]
[Date "2000.09.24"]
[Round "?"]
[White "Hossa"]
[Black "Nothing"]
[Result "1-0"]
[WhiteElo "2608"]
[BlackElo "1998"]
[PlyCount "43"]
[EventDate "2000.??.??"]

1. d4 Nf6 2. Nf3 g6 3. c4 Bg7 4. Nc3 d6 5. e4 O-O 6. Bg5 Nbd7 7. Bd3 e5 8. dxe5
dxe5 9. O-O h6 10. Be3 c6 11. h3 Qe7 12. Qc1 Kh7 13. Rd1 Nc5 14. Bc2 a5 15. Qd2
Be6 16. Nxe5 Nfxe4 17. Nxe4 Nxe4 18. Bxe4 Bxe5 19. Bd3 Bg7 20. Bb6 Qh4 21. Re1
Bxc4 22. Re4 {Nothing resigns} 1-0